LEADER 00763nam0-22002891i-450 001 990004378960403321 005 20190208110146.0 010 $a3-476-01593--9 035 $a000437896 100 $a20030131d2001----km-y0itay50------ba 101 0 $ager 102 $aDE 105 $ay-------001yy 200 1 $aRomantik$fDetlef Kremer 210 $aStuttgart ; Weimar$cMetzler$d2001 215 $a339 p.$d23 cm 225 1 $aLehrbuch germanistik 610 0 $aLetteratura tedesca$aRomanticismo 676 $a830.9145$v20 700 1$aKremer,$bDetlef$0167523 801 0$aIT$bUNINA$gRICA$2UNIMARC 901 $aBK 912 $a990004378960403321 952 $a830.9145 KRE 1$bBibl.44841$fFLFBC 959 $aFLFBC 996 $aRomantik$9542165 997 $aUNINA LEADER 01815oam 2200541K 450 001 9910712932703321 005 20180924045851.8 024 8 $aGOVPUB-C13-dbbac9f0284fe63ce799ed81b2110789 035 $a(CKB)5470000002498868 035 $a(OCoLC)742281897 035 $a(OCoLC)995470000002498868 035 $a(EXLCZ)995470000002498868 100 $a20110721d1976 uy 0 101 0 $aeng 135 $aurun||||a|a|| 181 $ctxt$2rdacontent 182 $cc$2rdamedia 183 $acr$2rdacarrier 200 10$aAnalysis of reinforced concrete beams subjected to fire /$fBruce Ellingwood and James R. Shaver 210 1$aWashington :$cU.S. Dept. of Commerce, National Bureau of Standards :$cFor sale by the Supt. of Docs., U.S. Govt. Print. Off.,$d1976. 215 $a1 online resource (vi, 73 pages) $cillustrations 225 1 $aNBS building science series ;$v76 300 $aContributed record: Metadata reviewed, not verified. Some fields updated by batch processes. 320 $aIncludes bibliographical references (page 41). 606 $aConcrete beams$xThermal properties 606 $aFire testing 606 $aFire testing$2fast 615 0$aConcrete beams$xThermal properties. 615 0$aFire testing. 615 7$aFire testing. 676 $a690/.021 s 676 $a624/.1834 700 $aEllingwood$b Bruce R$01387771 702 $aShaver$b James R. 712 02$aUnited States.$bNational Bureau of Standards. 801 0$bOCLCE 801 1$bOCLCE 801 2$bOCLCQ 801 2$bWAU 801 2$bOCLCA 801 2$bOCLCQ 801 2$bOCLCO 801 2$bOCLCQ 801 2$bOCLCF 906 $aBOOK 912 $a9910712932703321 996 $aAnalysis of reinforced concrete beams subjected to fire$93443213 997 $aUNINA LEADER 01325cas1-2200445---450 001 990001267380203316 005 20240215110627.0 011 $a1128-6768 035 $a000126738 035 $aUSA01000126738 035 $a(ALEPH)000126738USA01 035 $a000126738 100 $a20031120a19519999km-y0itay0103----ba 101 0 $aita 102 $aIT 110 $aakaz---|||| 200 1 $aArchivio italiano per la storia della pietà 207 1$aVol. 1 (1951)- 210 $aRoma$cEdizioni di storia e letteratura$d1951- 215 $av.$d36 cm 300 $aVaria il formato 326 $aAnnuale 606 0 $aReligione$xPeriodici 676 $a200.5 801 0$aIT$bsalbc$gISBD 852 $tCELDES_24 912 $a990001267380203316 948 $s46 958 $aUMA$bPer XI 39$cVol.1 (1951)- 959 $aSE 979 $aSIAV3$b10$c20031120$lUSA01$h1029 979 $aSIAV3$b10$c20031120$lUSA01$h1045 979 $aPATRY$b90$c20040406$lUSA01$h1730 979 $aCOPAT2$b90$c20050317$lUSA01$h1250 979 $aVITTORIANA$b90$c20051018$lUSA01$h1347 979 $aESTER$b90$c20090702$lUSA01$h1234 979 $aVITTORIANA$b90$c20091001$lUSA01$h1405 979 $aVITTORIANA$b90$c20091001$lUSA01$h1414 996 $aArchivio italiano per la storia della pietà$9527451 997 $aUNISA